| 000 | 00622nam a2200181 a 4500 | ||
|---|---|---|---|
| 001 | 000261522 | ||
| 003 | AM-YeHGA | ||
| 005 | 20250617125259.0 | ||
| 008 | 030912s1973 ai 000 | arm d | ||
| 040 | _aAM-YeHGA | ||
| 100 | 1 |
_aԳրիգորյան, Շավիղ Սուրենի, _d1922- |
|
| 245 | 1 | 0 |
_aՓսոն : _b[Պատմվածք] / _cՇ. Գրիգորյան; Խմբ.՝ Մ. Դավթյան. |
| 260 |
_aԵրևան : _bՀայաստան, _c1973. |
||
| 300 |
_a32 էջ : _bնկ. ; _c16 սմ. |
||
| 650 | 1 | 4 |
_aՀայ գրականություն _xՊատմվածք |
| 700 | 1 |
_aԴավթյան, Մ.Հ. _eխմբ. _4edt |
|
| 090 | _c95941 | ||
| 999 |
_c94640 _d94640 |
||